| 000 | 00664nam a2200205 a 4500 | ||
|---|---|---|---|
| 005 | 20191224041803.0 | ||
| 008 | 160210s2004 ck ab fr||||o000 0 spa d | ||
| 020 | _a9589739393 | ||
| 040 |
_aCO-BoIAVH _cCO-BoIAVH |
||
| 041 | 0 | _aspa | |
| 044 | _ack | ||
| 082 | 0 | 4 |
_a333.91 _bM66g1 |
| 110 | 2 |
_aColombia _bMinisterio de Ambiente, Vivienda y Desarrollo Territorial |
|
| 245 | 1 | 0 | _aGestión integral del Agua |
| 260 |
_aBogotá : _bMinisterio de Ambiente, _c2004. |
||
| 300 |
_a65 páginas : _bIlustraciones, mapas ; _c28 x 21 cm. |
||
| 650 | 1 | 6 | _aGestión de la calidad del agua. |
| 650 | 2 | 6 |
_aNormativa Ambiental _zColombia |
| 942 |
_cLIBRO _2ddc |
||
| 999 |
_c5375 _d5375 |
||